000 00500nam a2200157 4500
008 160916b xxu||||| |||| 00| 0 eng d
020 _a9211302234
022 _a10209212
082 _2Dec 2002 v. 2, no.1
_aDPer 364.19
_bF77
245 _aForum on crime and society/
260 _aNew York:
_bUnited Nations,
_cc2002.
300 _aix, 161 pages;
_c24 cm.
650 0 _914633
_aCrime
_vPeriodicals
710 _914634
_aUnited Nations Centre for International Crime Prevention.
942 _2ddc
_cPER
999 _c4547
_d4547